书目信息 |
| 题名: |
语言学习与语言教育的原则
|
|
| 作者: | H.道格拉斯·布朗 著 ;潘韩婷 译 | |
| 分册: | ||
| 出版信息: | 北京 商务印书馆 2025 |
|
| 页数: | 520页 | |
| 开本: | 20cm | |
| 丛书名: | ||
| 单 册: | ||
| 中图分类: | H09 | |
| 科图分类: | ||
| 主题词: | 语言教学 | |
| 电子资源: | ||
| ISBN: | 7-100-24387-4 | |
| 000 | 00739nam0 2200217 450 | |
| 001 | 2552353586 | |
| 005 | 20251217143843.45 | |
| 010 | @a7-100-24387-4@dCNY120.00 | |
| 100 | @a20251217d2025 km y0chiy0120 ea | |
| 101 | 0 | @achi |
| 102 | @aCN@b110000 | |
| 200 | 1 | @a语言学习与语言教育的原则@AYu Yan Xue Xi Yu Yu Yan Jiao Yu De Yuan Ze@e第6版@f(美)H.道格拉斯·布朗著@F(Mei)H.Dao Ge La Si·Bu Lang Zhu@g潘韩婷译@GPan Han Ting Yi |
| 210 | @a北京@c商务印书馆@d2025 | |
| 215 | @a520页@d20cm | |
| 517 | 1 | @a第6版@ADi 6 Ban |
| 606 | 0 | @a语言教学 |
| 690 | @aH09@v4 | |
| 701 | 0 | @aH.道格拉斯·布朗@AH.Dao Ge La Si·Bu Lang@4著 |
| 702 | 0 | @a潘韩婷@APan Han Ting@4译 |
| 801 | 0 | @aCN@b大连网信软件有限公司图书馆·11@c20251217 |
| 905 | @aZUCC@dH09@e345 | |
| 语言学习与语言教育的原则:第6版/(美)H.道格拉斯·布朗著/潘韩婷译.-北京:商务印书馆,2025 |
| 520页;20cm |
| ISBN 7-100-24387-4:CNY120.00 |
| ● |
| 相关链接 |
|
|
|
|
正题名:语言学习与语言教育的原则
索取号:H09/345
 
预约/预借
| 序号 | 登录号 | 条形码 | 馆藏地/架位号 | 状态 | 备注 |
| 1 | 1442038 | 214420385 | 第二样本阅览室/ [索取号:H09/345] |
已借出,限还日期为2035.12.17 借出人:刘巍 |